书目信息 |
| 题名: |
解读“疯狂"
|
|
| 作者: | 武志红 著 | |
| 分册: | ||
| 出版信息: | 北京 世界图书出版公司 2007 |
|
| 页数: | 297页 | |
| 开本: | 24cm | |
| 丛书名: | 心理沫沫茶 | |
| 单 册: | ||
| 中图分类: | B84-49 , B841-49 | |
| 科图分类: | ||
| 主题词: | 心理学研究方法 , 心理学--通俗读物 | |
| 电子资源: | ||
| ISBN: | 978-7-5062-8671-8 | |
| 000 | 01113nam0 2200301 450 | |
| 000 | 01088nam0 2200289 450 | |
| 000 | 01019nam0 2200265 450 | |
| 000 | 00983nam0 2200253 45 | |
| 005 | 20070727171142.47 | |
| 010 | @a978-7-5062-8671-8@dCNY25.00 | |
| 100 | @a20070719d2007 em y0chiy0120 ea | |
| 101 | 0 | @achi |
| 102 | @aCN@b110000 | |
| 105 | @ay z 000yy | |
| 200 | 1 | @a解读“疯狂"@AJie Dou“ Feng Kuang "@e热点话题人物的心理分析@ERe Dian Hua Ti Ren Wu De Xin Li Fen Xi@f武志红著 @FWu Zhi Hong Zhu |
| 210 | @a北京@c世界图书出版公司@d2007 | |
| 215 | @a297页@c图@d24cm | |
| 225 | 2 | @a心理沫沫茶 |
| 330 | @a本书内容包括:“超级追星狂是怎样炼成的”、“你是不是一个残酷的看客?”、“癫狂,只为做个普通人?”、“集体暗示:公众谣言的心理分析”、“没有做过贼为何总心虚”等。 | |
| 410 | 0 | @12001 @a心理沫沫茶 |
| 517 | 1 | @a热点话题人物的心理分析@ARe Dian Hua Ti Ren Wu De Xin Li Fen Xi |
| 606 | 0 | @a心理学研究方法 |
| 606 | 0 | @a心理学@x通俗读物 |
| 690 | @aB84-49@v4 | |
| 690 | @aB841-49@v3 | |
| 701 | 0 | @a武志红@AWu Zhi Hong@4著 |
| 801 | 0 | @aCN@bTAOJIN@c20070727 |
| 905 | @a10447@dB841-49@e833 | |
| 解读“疯狂":热点话题人物的心理分析/武志红著 .-北京:世界图书出版公司,2007 |
| 297页:图;24cm.-(心理沫沫茶) |
| ISBN 978-7-5062-8671-8:CNY25.00 |
| 本书内容包括:“超级追星狂是怎样炼成的”、“你是不是一个残酷的看客?”、“癫狂,只为做个普通人?”、“集体暗示:公众谣言的心理分析”、“没有做过贼为何总心虚”等。 |
| ● |
| 相关链接 |
|
|
|
|
正题名:解读"疯狂"
索取号:B841-49/833
 
预约/预借
| 序号 | 登录号 | 条形码 | 馆藏地/架位号 | 状态 | 备注 |
| 1 | 0821990 | 208219907 | 第一样本阅览室/ [索取号:B841-49/833] | 在馆 | |
| 2 | 0821991 | 208219916 | 第一借阅区/ [索取号:B841-49/833] | 在馆 | |
| 3 | 0821992 | 208219925 | 第一借阅区/ [索取号:B841-49/833] | 在馆 | |
| 4 | 0821993 | 208219934 | 第一借阅区/ [索取号:B841-49/833] | 在馆 | |
| 5 | 0821994 | 208219943 | 第一借阅区/ [索取号:B841-49/833] |
已借出,限还日期为2009.12.02 借出人:张颖琳 |